Being Muslim in South Asia : (Record no. 88978)

MARC details
000 -LEADER
fixed length control field 00696nam a22002177a 4500
005 - DATE AND TIME OF LATEST TRANSACTION
control field 20140926102749.0
010 ## - LCCN (DPL NO)
LC control number ENG-110952
020 ## - INTERNATIONAL STANDARD BOOK NUMBER
International Standard Book Number 9780198092063
Terms of availability 995.00
020 ## - INTERNATIONAL STANDARD BOOK NUMBER
International Standard Book Number 0198092067
Terms of availability 995.00
035 ## - SYSTEM CONTROL NUMBER
System control number EN-94484
037 ## - SOURCE OF ACQUISITION
Source of stock number/acquisition DBAD/PUB
082 ## - DEWEY DECIMAL CLASSIFICATION NUMBER
Classification number 305.6971054
245 ## - TITLE STATEMENT
Title Being Muslim in South Asia :
Statement of responsibility, etc edited by Robin Jeffrey [and] Ronojoy Sen
Remainder of title diversity and daily life /
260 ## - PUBLICATION, DISTRIBUTION, ETC. (IMPRINT)
Place of publication, distribution, etc New Delhi
Name of publisher, distributor, etc Oxford University Press
Date of publication, distribution, etc 2014
270 ## - ADDRESS
Address YMCA Library Building, 1 Jai Singh
City New Delhi
Postal code 110020
300 ## - PHYSICAL DESCRIPTION
Extent xxx,370p.
Dimensions 22cm(Hb)
500 ## - GENERAL NOTE
General note Includes index
700 ## - ADDED ENTRY--PERSONAL NAME
Personal name Jeffrey, Robin
700 ## - ADDED ENTRY--PERSONAL NAME
Personal name Sen, Ronojoy
942 ## - ADDED ENTRY ELEMENTS (KOHA)
Source of classification or shelving scheme Dewey Decimal Classification
Item type English Books
Call number suffix MUS
Classification part 305.6971054
Holdings
Withdrawn status Lost status Not for loan Collection code Home library Current library Date acquired Source of acquisition Cost, normal purchase price Full call number Barcode Copy number Cost, replacement price Koha item type
    Not For Loan Non-fiction D.B.Act.Division D.B.Act.Division 26/09/2014 DBAD/PUB 995.00 305.6971054 MUS EN-94484 1 995.00 English Books

© Delhi Public Library
Hit Counter
free hit counter